000 01003nam a22002413a 4500
005 20240509064206.0
008 011106s1995 mx r 000 0 spa d
020 _a9682975166
035 _aUPN01000113761
049 _aLTG
050 4 _aLB2003 A1.46
_bE5.2 GE
245 0 3 _aLa enseñanza de la biología en la escuela secundaria :
_bguía de estudio /
_cMaría Elena Hernández Castellanos ... [et al.] ; coord. Fedro Carlos Guillén.
260 _aMéxico :
_bSEP, Comisión Nacional de los Libros de Texto Gratuitos,
_cc1995.
300 _a207 p. :
_bil., cuadros
440 0 _aPrograma Nacional de Actualización Permanente
500 _a"Primer nivel"
650 4 _aMaestros en servicio, Formación de
_9390
650 4 _aBiología
_xEstudio y enseñanza (Secundaria)
_94532
700 1 _aHernández Castellanos, María Elena,
_ecoaut.
700 1 _aGuillén, Fedro Carlos,
_d1959-
_ecoord.
_930566
710 1 _aMéxico.
_bSubsecretaría de Educación Básica y Normal
_927954
905 _aLibro
999 _c87669
_d87669